000 00561nam a2200229Ia 4500
003 OSt
005 20220924153738.0
006 a|||||r|||| 00| 0
007 ta
008 220923b |||||||| |||| 00| 0 tam d
024 _a351466
037 _cTextual
040 _aARTS
_cARTS
_btam
041 _2tam
_atam
082 _aO31,3NRA11,2, L9
100 _aRachi Au.
_9229644
245 0 _aChidaralgal
260 _c1979
650 _aTAMIL FICTION
942 _hO31,3NRA11,2, L9
_cTEXL
_2CC
999 _c474648
_d474648